Vista normal Vista MARC

Entrada Nombre corporativo

Número de registros utilizados en: 13

001 - NÚMERO DE CONTROL

  • campo de control: 11926

003 - IDENTIFICADOR DE NÚMERO DE CONTROL

  • campo de control: OSt

005 - FECHA Y HORA DE LA ÚLTIMA TRANSACCIÓN

  • campo de control: 20221005155513.0

008 - ELEMENTOS DE DATO DE LONGITUD-FIJA

  • campo de control de longitud fija: 221005|| aca||aabn | a|a d

040 ## - FUENTE DE CATALOGACIÓN

  • Centro catalogador/agencia de origen: OSt
  • Centro/agencia transcriptor: OSt

110 ## - ENCABEZAMIENTO-NOMBRE DE ENTIDAD CORPORATIVA

  • Nombre de entidad corporativa o nombre de jurisdicción como elemento de entrada: PROYECTO EQUAL
  • Unidad subordinada: Conciliación de Vida Laboral y Familiar

670 ## - FUENTE DE DATOS ENCONTRADOS

  • Cita de la fuente: Work cat.: (OSt)12003: ENCUENTRO DE PROYECTOS EQUAL PARA LA CONCILIACION DE LA VIDA LABORAL Y FAMILIAR EN ESPAÑA 1º 2003 Madrid 11925, Documento base del Encuentro de Proyectos Equal :, 2003

Con tecnología Koha